Identidad y reconocimiento del otro en una sociedad mestiza /

Breve reflexión sobre la filosofía del sujeto de la modernidad, planteándose su relación con el otro. Tras abordar el surgimiento y evolución histórica de la idea del sujeto y del individuo, el autor analiza algunas etapas en el descubrimiento de la intersubjetividad y la apertura al reconocimiento...

Full description

Saved in:
Bibliographic Details
Main Author: Estrada, Juan Antonio (autor)
Format: Book
Language:Español
Published: México : Universidad Iberoamericana, Plantel Santa Fe, 1998, c1998
Subjects:
Tags: Add Tag
No Tags, Be the first to tag this record!

MARC

LEADER 00000nam^a2200000^a^4500
001 000123223
005 20250521000000.0
009 20260310094530.983
020 |a 968-859-346-X 
037 |a Acervo ITESO - Biblioteca 
041 |a ESP 
082 |a 126.  |b EST 
100 |a Estrada, Juan Antonio  |e (autor) 
245 1 0 |a Identidad y reconocimiento del otro en una sociedad mestiza /  |c J.A. Estrada Díaz. 
264 4 |a México :  |b Universidad Iberoamericana, Plantel Santa Fe,  |c 1998, c1998 
300 |a 62 p. 
336 |a texto  |b txt  |2 rdacontenido 
337 |a sin mediación  |b n  |2 rdamedio 
338 |a volumen  |b nc  |2 rdasoporte 
520 |a Breve reflexión sobre la filosofía del sujeto de la modernidad, planteándose su relación con el otro. Tras abordar el surgimiento y evolución histórica de la idea del sujeto y del individuo, el autor analiza algunas etapas en el descubrimiento de la intersubjetividad y la apertura al reconocimiento del otro como constituyente de la identidad personal y ofrece una visión sistemática de la constitución de la identidad individual y la importancia del reconocimiento de la otredad. 
649 |a XX 
650 |a Diferencia y Otredad 
650 |a Diversidad Cultural 
650 |a Mestizaje 
650 |a Identidad Cultural 
650 |a Identidad Personal 
650 |a Subjetividad (Psicología) 
650 |a Interacción Social 
650 |a Modernidad y Posmodernidad 
650 |a Filosofía del Siglo XX 
650 |a Antropología Filosófica 
650 |a Antropología Cultural 
650 |a Sociología de la Cultura 
910 |a Fondo General 
920 |a Impresos - Libros 
930 |a Colección General 
905 |a 101 
901 |a 0500056905  |b IT1  |c ACC  |u 20250521 
902 |a https://opac.biblio.iteso.mx/vufind/Record/000123223